| 000 | 00534nam a22001817a 4500 | ||
|---|---|---|---|
| 003 | OSt | ||
| 005 | 20120302151544.0 | ||
| 008 | 091112t xxu||||| |||| 00| 0 eng d | ||
| 035 | _a१६११० | ||
| 040 | _cमराठी | ||
| 100 |
_aजोशी, नारायण _910118 |
||
| 222 | _aशरिर शास्त्र | ||
| 245 | _aमानवी शरिर | ||
| 250 | _a१ ली | ||
| 260 |
_aपुणे _bजिज्ञासा _c१९९५ |
||
| 300 | _b६० पाने | ||
| 942 |
_2ddc _cBOOK |
||
| 999 |
_c494845 _d494842 |
||